[Event "Benidorm 2015 - sub2300"]
[Site "Benidorm ESP"]
[Date "2015.12.05"]
[Round "8.3"]
[White "Ustianovich, Nazar"]
[Black "Dinu, Dumitru-Daniel"]
[Result "1-0"]
[WhiteElo "2290"]
[BlackElo "2268"]
[PlyCount "47"]
[EventDate "2015.11.28"]
[EventType "swiss"]
[EventRounds "10"]
[EventCountry "ESP"]
[Source "lmi"]
[SourceDate "2015.11.28"]

1. Nf3 d5 2. c4 e6 3. g3 c6 4. Qc2 Bd6 5. Bg2 f5 6. d3 Nf6 7. Nc3 O-O 8. O-O
Na6 9. e4 d4 10. e5 dxc3 11. bxc3 Be7 12. exf6 Bxf6 13. d4 Bd7 14. Bf4 Be8 15.
Rfe1 g5 16. Be5 Be7 17. Rab1 b5 18. cxb5 cxb5 19. Qb3 Qd7 20. Nxg5 Bxg5 21.
Bxa8 Nc7 22. Bxc7 Qxc7 23. Qxe6+ Bf7 24. Qxf5 1-0

[Event "Benidorm 2015 - sub2300"]
[Site "Benidorm ESP"]
[Date "2015.12.05"]
[Round "8.4"]
[White "Torres Sanchez, Jose"]
[Black "Lopez Rivera, Jesus"]
[Result "1/2-1/2"]
[WhiteElo "2288"]
[BlackElo "2163"]
[PlyCount "48"]
[EventDate "2015.11.28"]
[EventType "swiss"]
[EventRounds "10"]
[EventCountry "ESP"]
[Source "lmi"]
[SourceDate "2015.11.28"]

1. c4 g6 2. Nc3 Bg7 3. g3 e5 4. Bg2 Ne7 5. e3 c6 6. d4 exd4 7. exd4 d5 8. cxd5
cxd5 9. Nge2 Nbc6 10. O-O O-O 11. h3 Nf5 12. Nxd5 Nfxd4 13. Nxd4 Bxd4 14. Bh6
Re8 15. Qb3 Be6 16. Rad1 Qa5 17. Rxd4 Nxd4 18. Qxb7 Red8 19. Nf6+ Kh8 20. b4
Qe5 21. Ng4 Bxg4 22. hxg4 Qf6 23. Be3 Rab8 24. Qxa7 Rxb4 1/2-1/2

[Event "Benidorm 2015 - sub2300"]
[Site "Benidorm ESP"]
[Date "2015.12.05"]
[Round "8.5"]
[White "Sadilek, Peter"]
[Black "Roig Aguilar, Alejandro"]
[Result "0-1"]
[WhiteElo "2280"]
[BlackElo "2185"]
[PlyCount "172"]
[EventDate "2015.11.28"]
[EventType "swiss"]
[EventRounds "10"]
[EventCountry "ESP"]
[Source "lmi"]
[SourceDate "2015.11.28"]

1. d4 Nf6 2. Nf3 e6 3. g3 d5 4. Bg2 Be7 5. c4 O-O 6. O-O c6 7. Qc2 b6 8. Bf4
Bb7 9. Rd1 Nbd7 10. Ne5 Rc8 11. Nc3 Nh5 12. Bc1 f5 13. Qa4 a6 14. cxd5 b5 15.
Qb3 Nxe5 16. dxe5 cxd5 17. a4 b4 18. Na2 a5 19. Bf3 Qe8 20. Be3 f4 21. Bb6 fxg3
22. hxg3 Qg6 23. Rd4 Rc4 24. Qd3 Qg5 25. Qd2 Qxd2 26. Rxd2 g6 27. Rc1 Rxc1+ 28.
Nxc1 Rc8 29. Nb3 Ba6 30. Nd4 Kf7 31. Kg2 Ng7 32. Bxa5 Nf5 33. Nxf5 gxf5 34. Rd4
b3 35. g4 fxg4 36. Bxg4 Bg5 37. Bc3 Rxc3 38. bxc3 Bc4 39. Rd1 b2 40. e3 Bd3 41.
f4 Bd8 42. f5 exf5 43. Bf3 b1=Q 44. Bxd5+ Ke7 45. Rxb1 Bxb1 46. Kf3 h6 47. e4
fxe4+ 48. Bxe4 Ba2 49. Kg4 Ke6 50. Kh5 Bg5 51. a5 Kxe5 52. Bb7 Bf7+ 53. Kg4 Be3
54. a6 h5+ 55. Kg3 Bc5 56. Bf3 Kf5 57. c4 Kg5 58. Bd5 Bg6 59. Be6 Bd3 60. Bd5
h4+ 61. Kg2 Be2 62. Be6 Bd3 63. Bd5 Bf5 64. Kh2 Kf4 65. Bc6 Ke3 66. Kg2 Kd4 67.
Bd5 Bc8 68. Bb7 Bg4 69. Bd5 Kc3 70. Kh2 Kb4 71. Kg2 Ka5 72. Bb7 Kb6 73. Kh2 Ka5
74. Kg2 Kb4 75. Bd5 Kc3 76. Kh2 Kd2 77. Kg2 Ke3 78. Bb7 Ba7 79. Bc6 Bf5 80. Bb7
h3+ 81. Kh1 Kf2 82. Bd5 Bb8 83. a7 Bxa7 84. Bb7 Bb8 85. c5 Bd3 86. Bd5 Bf1 0-1

[Event "Benidorm 2015 - sub2300"]
[Site "Benidorm ESP"]
[Date "2015.12.05"]
[Round "8.6"]
[White "Stanca, Adrian"]
[Black "Bomans, Arno"]
[Result "0-1"]
[WhiteElo "2186"]
[BlackElo "2272"]
[PlyCount "76"]
[EventDate "2015.11.28"]
[EventType "swiss"]
[EventRounds "10"]
[EventCountry "ESP"]
[Source "lmi"]
[SourceDate "2015.11.28"]

1. e4 c5 2. Nc3 Nc6 3. g3 Rb8 4. a4 g6 5. Bg2 Bg7 6. d3 d6 7. f4 e6 8. Nf3 Nge7
9. O-O O-O 10. Be3 b6 11. Bf2 e5 12. fxe5 dxe5 13. Nd5 Nxd5 14. exd5 Nb4 15. c4
Bf5 16. Ne1 Qg5 17. Qe2 Rbe8 18. Rd1 Bg4 19. Bf3 Bd7 20. a5 f5 21. Bg2 e4 22.
dxe4 fxe4 23. Be3 Rxf1+ 24. Bxf1 Qe5 25. Rd2 Nd3 26. axb6 axb6 27. Nxd3 exd3
28. Rxd3 Qe4 29. Qd1 Qxc4 30. b3 Qb4 31. Bf2 Ra8 32. d6 Ra1 33. Qe2 Qb5 34. Qe4
Bh3 35. Qd5+ Kh8 36. Be1 Rxe1 37. Qa8+ Re8 38. d7 Bd4+ 0-1

[Event "Benidorm 2015 - sub2300"]
[Site "Benidorm ESP"]
[Date "2015.12.05"]
[Round "8.7"]
[White "Vidal Zamora, Alex"]
[Black "Jordan Martinez, Miguel"]
[Result "1-0"]
[WhiteElo "2203"]
[BlackElo "2237"]
[PlyCount "87"]
[EventDate "2015.11.28"]
[EventType "swiss"]
[EventRounds "10"]
[EventCountry "ESP"]
[Source "lmi"]
[SourceDate "2015.11.28"]

1. d4 d5 2. c4 c6 3. Nc3 e6 4. Nf3 dxc4 5. a4 Bb4 6. e4 Nf6 7. Qc2 b5 8. Be2
Bb7 9. O-O a6 10. Rd1 Nbd7 11. Bd2 Be7 12. Bg5 h6 13. Bh4 Nh5 14. Bxe7 Qxe7 15.
d5 cxd5 16. exd5 b4 17. dxe6 Qxe6 18. Nd4 Qf6 19. Bxh5 bxc3 20. Re1+ Kf8 21.
Qxc3 Bxg2 22. Kxg2 Qg5+ 23. Qg3 Qxh5 24. Qd6+ Kg8 25. Qxd7 Qg5+ 26. Kf1 Rd8 27.
Re8+ Kh7 28. Qf5+ Qxf5 29. Rxh8+ Rxh8 30. Nxf5 Rb8 31. Rc1 Rb4 32. Nd6 Rxa4 33.
Rxc4 Ra2 34. b4 Kg6 35. Rg4+ Kf6 36. Ne8+ Ke5 37. Rxg7 f5 38. Rg6 h5 39. Nc7 a5
40. Re6+ Kf4 41. Re3 a4 42. Ne6+ Kg4 43. Rg3+ Kh4 44. Nf4 1-0

[Event "Benidorm 2015 - sub2300"]
[Site "Benidorm ESP"]
[Date "2015.12.05"]
[Round "8.8"]
[White "Picazo Lopez, Juan Antonio"]
[Black "Gajic, Mladen"]
[Result "1/2-1/2"]
[WhiteElo "2191"]
[BlackElo "2233"]
[PlyCount "155"]
[EventDate "2015.11.28"]
[EventType "swiss"]
[EventRounds "10"]
[EventCountry "ESP"]
[Source "lmi"]
[SourceDate "2015.11.28"]

1. d4 Nf6 2. c4 c5 3. Nf3 cxd4 4. Nxd4 e5 5. Nc2 d5 6. cxd5 Qxd5 7. Qxd5 Nxd5
8. e4 Nb4 9. Nxb4 Bxb4+ 10. Bd2 Nc6 11. Bb5 Bd7 12. Bxc6 Bxd2+ 13. Kxd2 Bxc6
14. Nc3 O-O-O+ 15. Ke3 Rd4 16. Rhd1 Rhd8 17. Rac1 R8d6 18. f3 Kd7 19. g4 b5 20.
a3 a5 21. Ke2 Rh6 22. Rh1 b4 23. Nb1 Bb5+ 24. Kf2 Bd3 25. Nd2 bxa3 26. bxa3 Rb6
27. Rc3 Rb2 28. Ke3 Bb5 29. Rd1 Ra2 30. f4 f6 31. fxe5 fxe5 32. Rb1 Bc6 33. Rb6
Raxd2 34. Rbxc6 Rxh2 35. Rc7+ Kd8 36. Rc8+ Ke7 37. R8c7+ Kf8 38. Rc8+ Kf7 39.
R8c7+ Ke8 40. Rc8+ Ke7 41. R8c7+ Rd7 42. Rxd7+ Kxd7 43. Rc5 Rh3+ 44. Kf2 Rxa3
45. Rxe5 g6 46. Rb5 Kc6 47. Rb8 a4 48. Rh8 Rh3 49. Ra8 a3 50. Kg2 Rb3 51. Ra7
Kb6 52. Ra8 Kc5 53. e5 Kd5 54. Ra5+ Kc4 55. Kf2 Kb4 56. Ra8 Kc5 57. Ra5+ Kb6
58. Ra8 Kb7 59. Ra4 Kc6 60. Ra6+ Kd7 61. Kg2 Ke7 62. Kf2 Rd3 63. Kg2 Kd7 64.
Kf2 Rc3 65. Rd6+ Kc7 66. Ra6 Kb7 67. Ra4 Kc6 68. Ra6+ Kb5 69. Ra8 Kb4 70. Rb8+
Ka4 71. Ra8+ Kb3 72. e6 Rc7 73. Rb8+ Kc3 74. Ra8 Kb2 75. Rb8+ Kc3 76. Ra8 Kb4
77. Rb8+ Kc5 78. Ra8 1/2-1/2

[Event "Benidorm 2015 - sub2300"]
[Site "Benidorm ESP"]
[Date "2015.12.06"]
[Round "9.1"]
[White "Hristodorescu, Daniel"]
[Black "Ustianovich, Nazar"]
[Result "1/2-1/2"]
[WhiteElo "2222"]
[BlackElo "2290"]
[PlyCount "62"]
[EventDate "2015.11.28"]
[EventType "swiss"]
[EventRounds "10"]
[EventCountry "ESP"]
[Source "lmi"]
[SourceDate "2015.11.28"]

1. e4 d6 2. d4 Nf6 3. Nc3 g6 4. Be3 c6 5. f3 b5 6. Qd2 Bg7 7. g4 h5 8. g5 Nfd7
9. a4 b4 10. Nd1 a5 11. c3 bxc3 12. bxc3 O-O 13. Rb1 Ba6 14. Bxa6 Nxa6 15. Ne2
Rb8 16. Rxb8 Qxb8 17. Qa2 Qb7 18. h4 Rb8 19. Nc1 e5 20. O-O exd4 21. cxd4 Qb4
22. Ne2 Qb3 23. Qd2 Qxa4 24. Ndc3 Qc4 25. Ra1 Qb4 26. Qa2 Qb6 27. Qxa5 Nb4 28.
Qxb6 Nxb6 29. Rb1 Nc4 30. Bf4 Rb6 31. d5 c5 1/2-1/2

[Event "Benidorm 2015 - sub2300"]
[Site "Benidorm ESP"]
[Date "2015.12.06"]
[Round "9.2"]
[White "Cano Gimenez, Vicente"]
[Black "Lopez Del Alamo, Antonio"]
[Result "1/2-1/2"]
[WhiteElo "2254"]
[BlackElo "2224"]
[PlyCount "105"]
[EventDate "2015.11.28"]
[EventType "swiss"]
[EventRounds "10"]
[EventCountry "ESP"]
[Source "lmi"]
[SourceDate "2015.11.28"]

1. Nf3 Nf6 2. g3 g6 3. Bg2 Bg7 4. d4 O-O 5. O-O d6 6. c4 c6 7. Nc3 Qa5 8. h3 e5
9. e4 exd4 10. Nxd4 Nbd7 11. Nde2 Qc7 12. Bf4 Ne5 13. b3 Re8 14. Qc2 Nfd7 15.
Rad1 Nc5 16. Be3 a5 17. Nd4 a4 18. f4 axb3 19. axb3 Ned7 20. b4 Ne6 21. Nde2
Nef8 22. Bf2 Nb6 23. c5 dxc5 24. bxc5 Nbd7 25. e5 f6 26. Qb3+ Ne6 27. Ne4 fxe5
28. Nd6 Re7 29. Nxc8 Rxc8 30. Rd6 Rce8 31. Rfd1 Kh8 32. Qc4 Ndf8 33. Bf3 Qa5
34. Bg4 Qb5 35. Qxb5 cxb5 36. Rb6 exf4 37. gxf4 Bh6 38. Rxb5 Nxf4 39. Nxf4 Bxf4
40. Rdb1 Be3 41. Rxb7 Bxf2+ 42. Kxf2 h5 43. Rxe7 Rxe7 44. Bf3 Ne6 45. c6 Kg7
46. Bd5 Kf6 47. Bxe6 Kxe6 48. Rb7 Kd6 49. Kf3 Re5 50. c7 Kd7 51. Rb6 g5 52. Rh6
g4+ 53. hxg4 1/2-1/2

[Event "Benidorm 2015 - sub2300"]
[Site "Benidorm ESP"]
[Date "2015.12.06"]
[Round "9.3"]
[White "Bomans, Arno"]
[Black "Roig Aguilar, Alejandro"]
[Result "1-0"]
[WhiteElo "2272"]
[BlackElo "2185"]
[PlyCount "51"]
[EventDate "2015.11.28"]
[EventType "swiss"]
[EventRounds "10"]
[EventCountry "ESP"]
[Source "lmi"]
[SourceDate "2015.11.28"]

1. e4 c5 2. Nf3 Nc6 3. d4 cxd4 4. Nxd4 Qb6 5. Nb3 Nf6 6. Nc3 e6 7. Qe2 Bb4 8.
Bd2 O-O 9. a3 Be7 10. O-O-O d5 11. e5 Nd7 12. f4 a6 13. Qh5 Qc7 14. Bd3 g6 15.
Qh6 Re8 16. h4 Qd8 17. Ne2 Nc5 18. Nxc5 Bxc5 19. Rh3 b5 20. Rdh1 b4 21. h5 f5
22. exf6 Qxf6 23. hxg6 hxg6 24. Bxg6 bxa3 25. Bc3 d4 26. Rg3 1-0

[Event "Benidorm 2015 - sub2300"]
[Site "Benidorm ESP"]
[Date "2015.12.06"]
[Round "9.4"]
[White "Vidal Zamora, Alex"]
[Black "Serra Pages, Jordi"]
[Result "1/2-1/2"]
[WhiteElo "2203"]
[BlackElo "2236"]
[PlyCount "37"]
[EventDate "2015.11.28"]
[EventType "swiss"]
[EventRounds "10"]
[EventCountry "ESP"]
[Source "lmi"]
[SourceDate "2015.11.28"]

1. d4 Nf6 2. c4 e6 3. Nf3 d5 4. Nc3 c5 5. cxd5 Nxd5 6. e4 Nxc3 7. bxc3 cxd4 8.
cxd4 Bb4+ 9. Bd2 Bxd2+ 10. Qxd2 O-O 11. Be2 b6 12. O-O Bb7 13. Qe3 Nd7 14. a4
a5 15. Rfb1 Ba6 16. Bxa6 Rxa6 17. Rb5 Ra7 18. Ne5 Nxe5 19. Rxe5 1/2-1/2

[Event "Benidorm 2015 - sub2300"]
[Site "Benidorm ESP"]
[Date "2015.12.06"]
[Round "9.5"]
[White "Amdouni, Zoubaier"]
[Black "Gajic, Mladen"]
[Result "1/2-1/2"]
[WhiteElo "2299"]
[BlackElo "2233"]
[PlyCount "147"]
[EventDate "2015.11.28"]
[EventType "swiss"]
[EventRounds "10"]
[EventCountry "ESP"]
[Source "lmi"]
[SourceDate "2015.11.28"]

1. e4 Nf6 2. e5 Nd5 3. d4 Nb6 4. c4 d6 5. exd6 cxd6 6. Nc3 g6 7. Be3 Bg7 8. Rc1
O-O 9. b3 e5 10. dxe5 dxe5 11. Qxd8 Rxd8 12. c5 N6d7 13. Bc4 Nc6 14. Ne4 Na5
15. Bg5 Nxc4 16. Bxd8 Nb2 17. Rc2 Nd3+ 18. Kd2 f5 19. Kxd3 fxe4+ 20. Kd2 Bh6+
21. Ke1 Bf8 22. Bg5 Nxc5 23. Be3 b6 24. Ne2 Ba6 25. Nc1 Rc8 26. Kd2 Rd8+ 27.
Kc3 Nd3 28. Nxd3 exd3 29. Rd2 Rc8+ 30. Kb2 Bb4 31. Rc1 Bxd2 32. Rxc8+ Bxc8 33.
Bxd2 Bb7 34. Kc3 Bxg2 35. Kxd3 Kf7 36. Ke3 Ke6 37. Bc3 Kf5 38. Bb2 Bd5 39. Bc3
Be4 40. a3 Bd5 41. b4 Bb3 42. Bb2 g5 43. Bc3 h5 44. Bb2 b5 45. Bc3 Ke6 46. Bb2
Kd5 47. Ba1 Bc2 48. Bb2 Bf5 49. Ba1 a6 50. Bb2 Bh3 51. Kd3 Bf1+ 52. Ke3 Bg2 53.
Kd3 h4 54. Bc1 g4 55. Bg5 Bf1+ 56. Kd2 h3 57. Bh4 Kc4 58. Kc2 Bd3+ 59. Kb2 Bf5
60. Bg3 e4 61. Be5 Kd3 62. Bg3 Be6 63. Bh4 Bc4 64. Bg3 Ke2 65. Kc3 Bd3 66. Bh4
Kd1 67. Kb2 Bc2 68. Bg3 Ba4 69. Bh4 Kd2 70. Bg3 Kd3 71. Bh4 Bd1 72. Bg3 Bf3 73.
Bh4 g3 74. Bxg3 1/2-1/2

[Event "Benidorm 2015 - sub2300"]
[Site "Benidorm ESP"]
[Date "2015.12.07"]
[Round "10.1"]
[White "Ustianovich, Nazar"]
[Black "Bomans, Arno"]
[Result "1/2-1/2"]
[WhiteElo "2290"]
[BlackElo "2272"]
[PlyCount "22"]
[EventDate "2015.11.28"]
[EventType "swiss"]
[EventRounds "10"]
[EventCountry "ESP"]
[Source "lmi"]
[SourceDate "2015.11.28"]

1. Nf3 f5 2. c4 Nf6 3. d4 g6 4. g3 Bg7 5. Bg2 O-O 6. O-O d6 7. Nc3 Nc6 8. d5
Na5 9. Nd2 c5 10. Qc2 e5 11. dxe6 Bxe6 1/2-1/2

[Event "Benidorm 2015 - sub2300"]
[Site "Benidorm ESP"]
[Date "2015.12.07"]
[Round "10.2"]
[White "Lopez Del Alamo, Antonio"]
[Black "Hristodorescu, Daniel"]
[Result "0-1"]
[WhiteElo "2224"]
[BlackElo "2222"]
[PlyCount "118"]
[EventDate "2015.11.28"]
[EventType "swiss"]
[EventRounds "10"]
[EventCountry "ESP"]
[Source "lmi"]
[SourceDate "2015.11.28"]

1. e4 e5 2. Nf3 Nc6 3. Bb5 a6 4. Ba4 Nf6 5. O-O Be7 6. Re1 b5 7. Bb3 d6 8. c3
O-O 9. d3 Na5 10. Bc2 c5 11. Nbd2 Nd7 12. Nf1 Nb6 13. Ng3 Nc6 14. h3 b4 15. Nh2
Bg5 16. Nf5 Bxc1 17. Rxc1 g6 18. Ng3 Be6 19. Bb1 a5 20. Nf3 Qf6 21. d4 cxd4 22.
cxd4 Nxd4 23. Nxd4 exd4 24. Rc6 Nc4 25. b3 Na3 26. Rxd6 Nb5 27. e5 Qe7 28. Rb6
Qc5 29. Rxb5 Qxb5 30. Qxd4 Qd7 31. Qf4 Qc7 32. Rc1 Qb8 33. Qe3 Rc8 34. Re1 Rc3
35. Qe4 Qc8 36. Kh2 Ra7 37. Qh4 f5 38. exf6 Rc1 39. Rxc1 Qxc1 40. Qd4 Rd7 41.
Qb6 Kf7 42. Be4 Qc7 43. Qe3 Kxf6 44. Qh6 Rf7 45. f4 Ke7 46. Qg5+ Kf8 47. Bd5
Bxd5 48. Qxd5 Qxf4 49. Qxa5 h5 50. Qd8+ Kg7 51. h4 g5 52. Qxg5+ Qxg5 53. hxg5
Kg6 54. Ne4 Ra7 55. Nd2 Rxa2 56. Nf3 Rb2 57. Nd4 Kxg5 58. Kg3 Kf6 59. Kf3 Rd2
0-1

[Event "Benidorm 2015 - sub2300"]
[Site "Benidorm ESP"]
[Date "2015.12.07"]
[Round "10.3"]
[White "Serra Pages, Jordi"]
[Black "Cano Gimenez, Vicente"]
[Result "1/2-1/2"]
[WhiteElo "2236"]
[BlackElo "2254"]
[PlyCount "32"]
[EventDate "2015.11.28"]
[EventType "swiss"]
[EventRounds "10"]
[EventCountry "ESP"]
[Source "lmi"]
[SourceDate "2015.11.28"]

1. d4 Nf6 2. c4 c5 3. Nf3 g6 4. Nc3 cxd4 5. Nxd4 Nc6 6. e4 d6 7. Be2 Nxd4 8.
Qxd4 Bg7 9. Be3 O-O 10. Qd2 Be6 11. f3 Qa5 12. Rc1 Rfc8 13. b3 a6 14. Na4 Qxd2+
15. Kxd2 Nd7 16. Rc2 Rc6 1/2-1/2

[Event "Benidorm 2015 - sub2300"]
[Site "Benidorm ESP"]
[Date "2015.12.07"]
[Round "10.4"]
[White "Picazo Lopez, Juan Antonio"]
[Black "Lacrosse, Marc"]
[Result "0-1"]
[WhiteElo "2191"]
[BlackElo "2140"]
[PlyCount "80"]
[EventDate "2015.11.28"]
[EventType "swiss"]
[EventRounds "10"]
[EventCountry "ESP"]
[Source "lmi"]
[SourceDate "2015.11.28"]

1. d4 d5 2. c4 e6 3. Nc3 Nf6 4. cxd5 exd5 5. Bg5 c6 6. e3 Nbd7 7. Bd3 Be7 8.
Qc2 O-O 9. Nf3 Re8 10. h3 Nf8 11. O-O Bd6 12. e4 dxe4 13. Nxe4 Be7 14. Ng3 g6
15. Rad1 Be6 16. a3 Bd5 17. Ne5 Qb6 18. Bc4 Rad8 19. Rfe1 Ne6 20. Be3 Bxc4 21.
Nxc4 Qc7 22. b4 Rd5 23. Ne2 Rdd8 24. Ne5 Nd5 25. Bc1 Bf6 26. f4 Bg7 27. Qb3 a6
28. Kh1 Kh8 29. Qf3 Re7 30. f5 gxf5 31. Qxf5 Nxd4 32. Nxd4 Rxe5 33. Rxe5 Qxe5
34. Qf3 Nf6 35. Be3 Ne4 36. Bf4 Rxd4 37. Bxe5 Rxd1+ 38. Kh2 Bxe5+ 39. g3 Rd2+
40. Kg1 Nxg3 0-1

[Event "Benidorm 2015 - sub2300"]
[Site "Benidorm ESP"]
[Date "2015.12.07"]
[Round "10.5"]
[White "Torres Sanchez, Jose"]
[Black "Vidal Zamora, Alex"]
[Result "0-1"]
[WhiteElo "2288"]
[BlackElo "2203"]
[PlyCount "88"]
[EventDate "2015.11.28"]
[EventType "swiss"]
[EventRounds "10"]
[EventCountry "ESP"]
[Source "lmi"]
[SourceDate "2015.11.28"]

1. e4 c5 2. Nf3 Nc6 3. d4 cxd4 4. Nxd4 e6 5. Nc3 Qc7 6. g3 Nf6 7. Bg2 a6 8. O-O
Be7 9. Re1 O-O 10. a4 Nxd4 11. Qxd4 Bc5 12. Qd1 d6 13. Be3 Bb4 14. Bd2 Rd8 15.
Nd5 Nxd5 16. exd5 Bxd2 17. Qxd2 e5 18. a5 Bf5 19. Rec1 b5 20. Ra3 Rdc8 21. Rc3
Qe7 22. Rc6 Bd7 23. Rb6 Rc4 24. Re1 f5 25. f4 e4 26. b3 Rc5 27. Bf1 Be8 28. c4
bxc4 29. bxc4 Bh5 30. Re3 Qf6 31. Re1 Bf3 32. Kf2 h6 33. h4 Kh7 34. Ke3 Qg6 35.
Kf2 Qf6 36. Reb1 Rxa5 37. Qb2 Qg6 38. Ra1 Rxa1 39. Qxa1 Re8 40. Bh3 Bg4 41. Bg2
e3+ 42. Kg1 e2 43. Rb1 Bf3 44. Kf2 Bxg2 0-1